| 000 | 00000nas 2200000za 4500 |
| 001 | 9.842992 |
| 003 | CaOODSP |
| 005 | 20240820112647 |
| 007 | cr ||||||||||| |
| 008 | 170905c20179999onc x m o||||f0 a0eng|d |
| 040 | |aCaOODSP|beng |
| 043 | |an-cn--- |
| 086 | 1 |aCS62-0014E-PDF |
| 130 | 0 |aPrices analytical series (Statistics Canada) |
| 245 | 10|aPrices analytical series |h[electronic resource]. |
| 260 | |aOttawa : |bStatistics Canada, Prices Division, |c2017- |
| 310 | |aIrregular |
| 362 | 1 |aBegan with 2017001. |
| 500 | |aIssued also in French under title: Série analytique des prix. |
| 520 | 3 |a"The Prices Analytical Series provides research and analysis pertaining to price indices. The Analytical series is intended to stimulate discussion on a variety of topics related to the analysis of the evolution of prices through time or space." |uhttp://www5.statcan.gc.ca/olc-cel/olc.action?objId=62F0014M&objType=2&lang=en&limit=0 |
| 692 | 07|2gccst|aPrices |
| 692 | 07|2gccst|aEconomic analysis |
| 710 | 1 |aCanada.|bStatistics Canada.|bPrices Division. |
| 775 | 08|tSérie analytique des prix |w(CaOODSP)9.842995 |
| 780 | 00|tAnalytical series |w(CaOODSP)9.504426 |